000 00543nam a2200181 i 4500
001 28573
003 ES-MaACL
005 20250820152138.0
007 t|
008 030117s1966 sp ||||1| spa d
100 0 _aAzorín,
_d1873-1967
_924326
245 1 0 _aUltramarinos /
_cAzorín ; [recopilación de José García Mercadal].
260 _aBarcelona, etc. :
_bE.D.H.A.S.A.,
_c[1966]
300 _a244 p. ;
_c20 cm.
700 1 _aGarcía Mercadal, J.,
_d1883-1975
_9164264
852 _aES-MaACL
_jC-30014
_bR.59941
999 _c28573
_d28573